NFL & MLB Relocations/Team Name Changes - Statistics

General Stats
  • This quiz has been taken 25 times
  • The average score is 18 of 34
Answer Stats
Hint Answer % Correct
2022 - MLB(Name) Cleveland Guardians (from Indians)
94%
2020 - NFL(Relocation) Las Vegas Raiders (from Oakland)
94%
2017 - NFL(Relocation) Los Angeles Chargers (from San Diego)
88%
2022 - NFL(Name) Washington Commanders (from Football Team)
88%
2016 - NFL(Relocation) Los Angeles Rams (from St. Louis)
82%
2020 - NFL(Name) Washington Football Team (from Redskins)
71%
2005 - MLB(Relocation) Washington Nationals (from Montreal Expos)
71%
1996 - NFL(Relocation) Baltimore Ravens(from Cleveland Browns)
65%
2008 - MLB(Name) Tampa Bay Rays (from Devil Rays)
65%
1984 - NFL(Relocation) Indianapolis Colts (from Baltimore)
59%
1995 - NFL(Relocation) Oakland Raiders(from Los Angeles)
59%
1988 - NFL(Relocation) Phoenix Cardinals (from St. Louis)
59%
1995 - NFL(Relocation) St. Louis Rams (from Los Angeles)
59%
1997 - NFL(Relocation) Tennessee Oilers (from Houston)
59%
1999 - NFL(Name) Tennessee Titans (from Tennessee Oilers)
59%
1994 - NFL(Name) Arizona Cardinals(from Phoenix Cardinals)
47%
2005 - MLB(Name) Los Angeles Angels of Anaheim (from Anaheim Angels)
47%
1982 - NFL(Relocation) Los Angeles Raiders(from Oakland)
47%
2012 - MLB(Name) Miami Marlins (from Florida Marlins)
47%
1997 - MLB(Name) Anaheim Angels(from California Angels)
41%
1966 - MLB(Relocation) Atlanta Braves(from Milwaukee)
41%
1958 - MLB(Relocation) Los Angeles Dodgers(from Brooklyn)
41%
1968 - MLB(Relocation) Oakland Athletics(from Kansas City)
41%
1958 - MLB(Relocation) San Francisco Giants(from New York)
41%
1972 - MLB(Relocation) Texas Rangers (from Washington Senators)
41%
1955 - MLB(Relocation) Kansas City Athletics(from Philadelphia)
35%
1970 - MLB(Relocation) Milwaukee Brewers(from Seattle Pilots)
35%
1960 - NFL(Relocation) St. Louis Cardinals(from Chicago)
35%
1954 - MLB(Relocation) Baltimore Orioles(from St. Louis Browns)
29%
1953 - MLB(Relocation) Milwaukee Braves(from Boston)
29%
1961 - MLB(Relocation) Minnesota Twins(from Washington Senators)
29%
1965 - MLB(Name) Houston Astros(from Houston Colt .45s)
24%
1970 - NFL(Name) New England Patriots(from Boston Patriots)
24%
1965 - MLB(Name) California Angels(from Los Angeles Angels)
18%
No matching quizzes found
Score Distribution
Percent of People with Each Score
Percentile by Number Answered
Your Score History
You have not taken this quiz